[Event "32nd ECC Open 2016"]
[Site "Novi Sad SRB"]
[Date "2016.11.08"]
[Round "3.12"]
[Board "4"]
[White "Jarvenpaa, Jari"]
[Black "Samsonov, Vyacheslav"]
[Result "1-0"]
[WhiteTitle "FM"]
[WhiteElo "2249"]
[BlackElo "2139"]
[WhiteTeam "Salon Shakkikerho"]
[BlackTeam "Ezerelio Vaivorykste"]
[WhiteFideId "504220"]
[BlackFideId "2806290"]
[EventDate "2016.11.06"]

1. d4 d5 2. Nf3 e6 3. e3 f5 4. b3 Nf6 5. Be2 Bd6 6. Ba3 O-O 7. c4 Ne4 8. Bxd6
Qxd6 9. O-O Bd7 10. Ne5 Be8 11. f3 Nf6 12. Nc3 c6 13. c5 Qe7 14. b4 Nbd7 15. Rb1
Nxe5 16. dxe5 Nd7 17. Qd4 b6 18. Rfc1 b5 19. f4 a5 20. a3 Kh8 21. Rc2 g5 22.
Rbc1 gxf4 23. exf4 Nb8 24. Bf3 a4 25. Be2 Na6 26. Rd2 Nc7 27. Rd3 Rg8 28. Rh3
Rg7 29. Nd1 Bd7 30. Ne3 Rag8 31. Kf2 Be8 32. Rg1 Rg6 33. g4 fxg4 34. Nxg4 Rxg4
35. Bxg4 Bg6 36. Be2 Qf7 37. Rhg3 Rf8 38. Rg4 Qf5 39. Ke3 Qc2 40. Bd3 Bxd3 41.
Qxd3 d4+ 42. Ke4 Qa2 43. Kf3 Qxh2 44. Qe2 Qh3+ 45. R1g3 Qh1+ 46. Qg2 Qd1+ 47.
Kf2 Qd2+ 48. Kg1 Qxg2+ 49. Rxg2 Nd5 50. Rf2 Ne3 51. Rg3 Nf5 52. Rd3 Rg8+ 53. Kf1
Rg7 54. Rfd2 Rd7 55. Kf2 Rd8 56. Kf3 Rd7 57. Ke4 Rd8 58. Rh2 Rd7 59. Rh5 Rf7 60.
Rxf5 exf5+ 61. Kf3 Rd7 62. e6 Re7 63. Rxd4 Rxe6 64. Rd6 Rg6 65. Ke3 Kg7 66. Kd4
h5 67. Ke5 h4 68. Kxf5 Rxd6 69. cxd6 Kf7 70. Kg4 c5 71. bxc5 b4 72. c6 bxa3 73.
c7 a2 74. c8=Q a1=Q 75. Qd7+ Kf8 76. Qe7+ Kg8 77. d7 Qd1+ 78. Kg5 Qd5+ 79. Kf6
Qd4+ 80. Kg6 Qd3+ 81. Kh6 Qa6+ 82. Kg5 Qa5+ 83. Kg4 1-0

[Event "32nd ECC Open 2016"]
[Site "Novi Sad SRB"]
[Date "2016.11.08"]
[Round "3.12"]
[Board "5"]
[White "Olkhovskiy, Alexander"]
[Black "Pihlajasalo, Hannu"]
[Result "1-0"]
[WhiteElo "2095"]
[BlackElo "2205"]
[WhiteTeam "Ezerelio Vaivorykste"]
[BlackTeam "Salon Shakkikerho"]
[WhiteFideId "34188611"]
[BlackFideId "502456"]
[EventDate "2016.11.06"]

1. e4 d5 2. exd5 Qxd5 3. Nc3 Qd6 4. Bc4 Nf6 5. d3 c6 6. Qe2 Bg4 7. f3 Bf5 8. Ne4
Nxe4 9. fxe4 Be6 10. Bxe6 Qxe6 11. Nf3 Qg4 12. Qf2 f6 13. Be3 a6 14. O-O Nd7 15.
h3 Qh5 16. d4 e6 17. e5 Be7 18. exf6 gxf6 19. Bf4 Rg8 20. Kh1 O-O-O 21. Rae1 Nf8
22. c4 Bd6 23. Bxd6 Rxd6 24. Nd2 Qg6 25. Re4 f5 26. Re2 Qg3 27. Qxg3 Rxg3 28.
Ne4 fxe4 29. Rxf8+ Kc7 30. Rxe4 c5 31. Rf7+ Kc6 32. dxc5 Rd2 33. Rxe6+ Kxc5 34.
Rc7+ Kb4 35. Rxb7+ Kxc4 36. Rc6+ Kd5 37. Rd7+ Kxc6 38. Rxd2 h5 39. Kh2 Rg5 40.
g3 Rg8 41. Kg2 h4 42. g4 Re8 43. Kf3 Rf8+ 44. Ke4 Rf1 45. Rg2 Kd6 46. g5 Ke7 47.
Rc2 Kf7 48. Rc6 Rh1 49. Rxa6 Rxh3 50. Kf5 Rg3 51. Ra7+ Kg8 52. Kg6 Kf8 53. Ra8+
Ke7 54. Rh8 h3 55. a4 Rb3 56. Kg7 Ke6 57. Kg6 Ke5 58. Rh4 Rb6+ 59. Kh5 Rb3 60.
Kh6 Kf5 61. g6 Rb6 62. Rh5+ Kg4 63. Rxh3 Kxh3 64. Kh7 Rxb2 65. g7 Rb4 66. g8=Q
Rh4+ 67. Kg7 Rg4+ 68. Kf8 1-0

[Event "32nd ECC Open 2016"]
[Site "Novi Sad SRB"]
[Date "2016.11.08"]
[Round "3.12"]
[Board "6"]
[White "Kivijarvi, Juha"]
[Black "Razuvajeva, Juli"]
[Result "1-0"]
[BlackTitle "WIM"]
[WhiteElo "2193"]
[BlackElo "2182"]
[WhiteTeam "Salon Shakkikerho"]
[BlackTeam "Ezerelio Vaivorykste"]
[WhiteFideId "503258"]
[BlackFideId "4119878"]
[EventDate "2016.11.06"]

1. e4 c5 2. Nf3 Nc6 3. Bb5 g6 4. O-O Bg7 5. c3 a6 6. Bxc6 dxc6 7. h3 e5 8. d3
Ne7 9. Be3 b6 10. Qe2 a5 11. Rd1 Ba6 12. Qc2 Qc7 13. d4 cxd4 14. cxd4 exd4 15.
Bxd4 Bxd4 16. Nxd4 O-O 17. Nc3 Rfd8 18. Rac1 Rac8 19. Nf3 Rxd1+ 20. Rxd1 Rd8 21.
Re1 Bd3 22. Qc1 Kg7 23. Nd1 h6 24. Ne3 Kh7 25. Ng4 Ng8 26. Qc3 Ba6 27. e5 Bc8
28. Ne3 c5 29. Nc4 Be6 30. b3 Qc6 31. Nfd2 Ne7 32. Nd6 Nd5 33. Qf3 Nb4 34. N2e4
Nd5 35. Rd1 Rf8 36. Nf6+ Kg7 37. Nxd5 Bxd5 38. Rxd5 1-0

[Event "32nd ECC Open 2016"]
[Site "Novi Sad SRB"]
[Date "2016.11.08"]
[Round "3.13"]
[Board "1"]
[White "Klein, David"]
[Black "Artemiev, Vladislav"]
[Result "0-1"]
[WhiteTitle "GM"]
[BlackTitle "GM"]
[WhiteElo "2513"]
[BlackElo "2658"]
[WhiteTeam "Kennemer Combinatie"]
[BlackTeam "Ladya Kazan"]
[WhiteFideId "1003623"]
[BlackFideId "24101605"]
[EventDate "2016.11.06"]

1. e4 c5 2. Nf3 e6 3. d4 cxd4 4. Nxd4 a6 5. Nc3 d6 6. Be2 Nf6 7. O-O Be7 8. f4
O-O 9. a4 Nc6 10. Be3 Bd7 11. Nb3 Nb4 12. Bf3 e5 13. a5 Rc8 14. Kh1 Qc7 15. Rf2
Qb8 16. Rd2 Be6 17. f5 Bxb3 18. cxb3 Rfe8 19. g4 d5 20. exd5 e4 21. Bg2 Nd3 22.
Nxe4 Nxe4 23. Bxe4 Qe5 24. Qf3 Bd6 25. Bxd3 Qxe3 26. Qxe3 Rxe3 27. Kg2 Re5 28.
Rdd1 g6 29. fxg6 hxg6 30. Rf1 Kg7 31. Rf3 Rxd5 32. Raf1 Rc7 33. h4 Be5 34. R1f2
f6 35. Kh3 Rc1 36. h5 Rg1 37. Bxg6 Rdd1 38. Re3 Kh6 39. Rfe2 Bf4 40. Rc3 Rh1+
41. Kg2 Rh2+ 42. Kf3 Rf1+ 0-1

[Event "32nd ECC Open 2016"]
[Site "Novi Sad SRB"]
[Date "2016.11.08"]
[Round "3.13"]
[Board "3"]
[White "Ducarmon, Quinten"]
[Black "Timofeev, Artyom"]
[Result "1/2-1/2"]
[WhiteTitle "IM"]
[BlackTitle "GM"]
[WhiteElo "2457"]
[BlackElo "2598"]
[WhiteTeam "Kennemer Combinatie"]
[BlackTeam "Ladya Kazan"]
[WhiteFideId "1025007"]
[BlackFideId "4140419"]
[EventDate "2016.11.06"]

1. e4 c5 2. Nf3 Nc6 3. Bb5 e6 4. O-O Nge7 5. Nc3 a6 6. Bxc6 Nxc6 7. d4 cxd4 8.
Nxd4 Qc7 9. Nxc6 dxc6 10. Qh5 g6 11. Qh4 Bg7 12. Be3 O-O 13. f4 f5 14. Bc5 Re8
15. e5 b6 16. Bd6 Qb7 17. a4 c5 18. a5 bxa5 19. Na4 c4 20. Qf2 Bd7 21. Nc5 Qc8
22. Nxd7 Qxd7 23. Rxa5 Bf8 24. Rd1 Reb8 25. Rc5 Rc8 26. Rd2 Rxc5 27. Qxc5 Qb5
28. Bxf8 Rxf8 29. Qd6 Re8 30. c3 Kf7 1/2-1/2

[Event "32nd ECC Open 2016"]
[Site "Novi Sad SRB"]
[Date "2016.11.08"]
[Round "3.13"]
[Board "4"]
[White "Hasangatin, Ramil"]
[Black "Dek, Lennart"]
[Result "1-0"]
[WhiteTitle "GM"]
[WhiteElo "2505"]
[BlackElo "2278"]
[WhiteTeam "Ladya Kazan"]
[BlackTeam "Kennemer Combinatie"]
[WhiteFideId "4122160"]
[BlackFideId "1013114"]
[EventDate "2016.11.06"]

1. e4 c5 2. Nf3 e6 3. c3 Nf6 4. e5 Nd5 5. g3 d6 6. exd6 Bxd6 7. d4 cxd4 8. Nxd4
Nc6 9. Bg2 O-O 10. O-O Be5 11. Nxc6 bxc6 12. Qa4 Qc7 13. Nd2 Bd7 14. Re1 Rab8
15. Qc2 Rfd8 16. Nf3 Bf6 17. Bg5 Qb6 18. Re2 Qa6 19. Rd2 Be8 20. Bf1 Qa5 21.
Rad1 c5 22. Bxf6 Nxf6 23. Rxd8 Rxd8 24. b4 cxb4 25. cxb4 Qb6 26. Rxd8 Qxd8 27.
a3 h6 28. Qd3 Qc7 29. Qc4 Qd6 30. Nd4 e5 31. Nf5 Qb6 32. Ne7+ Kh7 33. Nc8 Qb8
34. Qa6 e4 35. Nxa7 Bd7 36. Nc6 Qd6 37. Na5 Qd4 38. Qc4 Qa1 39. Nb3 Qxa3 40. Nc5
Bc6 41. Qa6 Qxa6 42. Bxa6 Nd5 43. b5 Be8 44. Bb7 Nb6 45. Bxe4+ Kg8 46. Bd3 Kf8
47. Kf1 Ke7 48. Ke2 Kd6 49. Ne4+ Kd5 50. Ke3 Bd7 51. Nc3+ Kc5 52. Ke4 Nc8 53.
Ke5 f6+ 54. Ke4 Nd6+ 55. Ke3 Nc8 56. Ne4+ Kd5 57. Nc3+ Kc5 58. Ne2 Nd6 59. Nf4
Ne8 60. Bg6 Nc7 61. Nh5 Be8 62. Bxe8 Nxe8 63. b6 Kxb6 64. Ke4 g6 65. Nf4 Kc6 66.
Nxg6 Nd6+ 67. Kf4 Kd7 68. Kg4 Ke6 69. Kh5 Ne4 70. f4 Nf2 71. Nh8 f5 72. Kg6 Ng4
73. Nf7 h5 74. Ng5+ Ke7 75. h3 Ne3 76. Kxh5 Kf6 77. Nf3 Ng2 78. Nd4 Ne3 79. Ne2
Nd5 80. g4 fxg4 81. hxg4 Ne7 82. Kh4 Kg6 83. Kg3 Kf6 84. Nc3 Kg6 85. Kf3 Kf6 86.
Ke4 Nc6 87. Nd5+ Kg6 88. Nb6 Kf6 89. Nd7+ Ke6 90. Ne5 Ne7 91. f5+ Kf6 92. Nf3
Kf7 93. g5 Nc8 94. Ne5+ Ke7 95. Nc4 Kf7 96. Ke5 Ne7 97. Nd6+ Kf8 98. Ke6 Nc6 99.
Kf6 Ne7 100. Ne4 Nd5+ 101. Ke5 Ne3 102. Ke6 Ng2 103. Nc5 Nf4+ 104. Ke5 Nh5 105.
Ne6+ Kg8 106. Nf4 Ng3 107. f6 1-0

[Event "32nd ECC Open 2016"]
[Site "Novi Sad SRB"]
[Date "2016.11.08"]
[Round "3.13"]
[Board "5"]
[White "In t Veld, Daan"]
[Black "Faizrakhmanov, Ramil"]
[Result "0-1"]
[BlackTitle "FM"]
[WhiteElo "2218"]
[BlackElo "2422"]
[WhiteTeam "Kennemer Combinatie"]
[BlackTeam "Ladya Kazan"]
[WhiteFideId "1016270"]
[BlackFideId "24103209"]
[EventDate "2016.11.06"]

1. e4 e5 2. Nf3 Nc6 3. d4 exd4 4. Nxd4 Bc5 5. Be3 Qf6 6. c3 Nge7 7. Bc4 Ne5 8.
Be2 Qg6 9. O-O d6 10. f3 O-O 11. Nc2 Bxe3+ 12. Nxe3 f5 13. Nd2 Qh6 14. Nec4 N5g6
15. Na5 b6 16. Nab3 Bb7 17. Nd4 Nf4 18. Bc4+ Kh8 19. Re1 Qg6 20. g3 fxe4 21.
Nxe4 Bxe4 22. Bf1 Nf5 23. Rxe4 Nxg3 24. hxg3 Qxg3+ 25. Kh1 Rf6 26. Re6 Nxe6 27.
Bg2 Nf4 28. Qc2 Rh6+ 29. Kg1 Rh2 30. Kf1 Rxg2 0-1

[Event "32nd ECC Open 2016"]
[Site "Novi Sad SRB"]
[Date "2016.11.08"]
[Round "3.13"]
[Board "6"]
[White "Murtazin, Bulat"]
[Black "Duijn, Richard"]
[Result "1-0"]
[WhiteTitle "FM"]
[BlackTitle "FM"]
[WhiteElo "2384"]
[BlackElo "2203"]
[WhiteTeam "Ladya Kazan"]
[BlackTeam "Kennemer Combinatie"]
[WhiteFideId "24151351"]
[BlackFideId "1003771"]
[EventDate "2016.11.06"]

1. d4 d5 2. c4 e6 3. Nc3 Nf6 4. cxd5 exd5 5. Bg5 Be7 6. e3 c6 7. Qc2 Be6 8. Bd3
h6 9. Bf4 Bd6 10. Nge2 Nh5 11. Bxd6 Qxd6 12. f3 Nd7 13. a3 Nb6 14. O-O O-O 15.
e4 Nf4 16. e5 Nxe2+ 17. Nxe2 Qe7 18. Ng3 f5 19. Bxf5 Bxf5 20. Nxf5 Qg5 21. Nd6
Rf4 22. Qf2 c5 23. dxc5 Nd7 24. e6 Ne5 25. Qg3 Nc6 26. Qxg5 hxg5 27. b4 Rb8 28.
b5 Ne7 29. Rac1 Ra4 30. c6 bxc6 31. bxc6 Rxa3 32. c7 Rb2 33. Rf2 Rb6 34. c8=Q+
Nxc8 35. Rxc8+ Kh7 36. Re2 d4 37. e7 Re3 38. e8=Q 1-0

[Event "32nd ECC Open 2016"]
[Site "Novi Sad SRB"]
[Date "2016.11.08"]
[Round "3.14"]
[Board "1"]
[White "Papp, Gabor1"]
[Black "Bogosavljevic, Boban"]
[Result "1-0"]
[WhiteTitle "GM"]
[BlackTitle "GM"]
[WhiteElo "2587"]
[BlackElo "2520"]
[WhiteTeam "CSM Baia Mare"]
[BlackTeam "Jelica PEP - Goracici"]
[WhiteFideId "718602"]
[BlackFideId "931152"]
[EventDate "2016.11.06"]

1. e4 c5 2. Nf3 Nc6 3. d4 cxd4 4. Nxd4 Nf6 5. Nc3 e6 6. Ndb5 Bb4 7. a3 Bxc3+ 8.
Nxc3 d5 9. exd5 exd5 10. Bd3 O-O 11. O-O d4 12. Ne2 Bg4 13. Bg5 Qd6 14. Qd2 Bxe2
15. Qxe2 h6 16. Bxf6 Qxf6 17. Rae1 Rad8 18. b4 a6 19. f4 Rd7 20. Qf3 Re7 21.
Rxe7 Qxe7 22. Qe4 Qxe4 23. Bxe4 Re8 24. Re1 Kf8 25. Kf2 Re6 26. Bf3 Rd6 27. Ke2
a5 28. Rb1 axb4 29. axb4 Rf6 30. g3 Re6+ 31. Kd2 Re3 32. Bxc6 bxc6 33. c4 Ke7
34. b5 Kd7 35. b6 Kc8 36. c5 g5 37. fxg5 hxg5 38. Rf1 Re5 39. Rxf7 Rxc5 40. Kd3
g4 41. Kxd4 Rc2 42. Rc7+ Kb8 43. Ke5 c5 44. Kf4 Rc4+ 45. Kf5 Ka8 46. Rg7 Rb4 47.
Rxg4 c4 48. Ke5 Kb7 49. Kd5 1-0

[Event "32nd ECC Open 2016"]
[Site "Novi Sad SRB"]
[Date "2016.11.08"]
[Round "3.14"]
[Board "2"]
[White "Roganovic, Milos"]
[Black "Erdos, Viktor"]
[Result "1/2-1/2"]
[WhiteTitle "IM"]
[BlackTitle "GM"]
[WhiteElo "2478"]
[BlackElo "2585"]
[WhiteTeam "Jelica PEP - Goracici"]
[BlackTeam "CSM Baia Mare"]
[WhiteFideId "937614"]
[BlackFideId "719978"]
[EventDate "2016.11.06"]

1. e4 c5 2. Nf3 Nc6 3. d4 cxd4 4. Nxd4 Qc7 5. Be2 e6 6. c4 Nf6 7. Nc3 a6 8. O-O
Bd6 9. Kh1 Nxd4 10. Qxd4 Be5 11. Qd3 O-O 12. f4 Bxc3 13. bxc3 b5 14. Ba3 bxc4
15. Qd4 Re8 16. Bd6 Qa7 17. Bc5 Qc7 18. e5 Nd5 19. f5 f6 20. Bd6 Qa7 21. exf6
Qxd4 22. f7+ Kxf7 23. cxd4 Kg8 24. Bh5 Rd8 25. Rac1 c3 26. fxe6 dxe6 27. Be5 Ra7
28. Bf3 Rf7 29. Bxd5 Rxf1+ 30. Rxf1 exd5 31. Rc1 Bf5 32. Rxc3 Rc8 33. Rxc8+ Bxc8 1/2-1/2

[Event "32nd ECC Open 2016"]
[Site "Novi Sad SRB"]
[Date "2016.11.08"]
[Round "3.14"]
[Board "3"]
[White "Vajda, Levente"]
[Black "Djordjevic, Vuk"]
[Result "1-0"]
[WhiteTitle "GM"]
[WhiteElo "2597"]
[BlackElo "2432"]
[WhiteTeam "CSM Baia Mare"]
[BlackTeam "Jelica PEP - Goracici"]
[WhiteFideId "1203975"]
[BlackFideId "902098"]
[EventDate "2016.11.06"]

1. Nf3 d5 2. g3 c5 3. Bg2 Nc6 4. d3 Nf6 5. Nbd2 e6 6. O-O Be7 7. e4 O-O 8. Re1
b5 9. e5 Nd7 10. Nf1 a5 11. h4 b4 12. h5 Ba6 13. h6 g6 14. N1h2 a4 15. Ng4 Nd4
16. c4 bxc3 17. bxc3 Nxf3+ 18. Bxf3 c4 19. d4 Qa5 20. Re3 Rab8 21. Qd2 a3 22.
Bd1 Bg5 23. Qe2 Rb7 24. Rf3 Bxc1 25. Rxc1 Rb2 26. Qe3 Bb5 27. Ra1 Qd8 28. Qc1
Qe7 29. Rb1 Rxb1 30. Qxb1 Rb8 31. Qc1 Bc6 32. Re3 Rb6 33. Re2 Kh8 34. Ne3 Kg8
35. Nc2 Ba4 36. Nb4 Bxd1 37. Qxd1 Rxb4 38. cxb4 Qxb4 39. Qc1 Nb6 40. Re3 Qb2 41.
Qc3 Qxa2 42. Qb4 Qa1+ 43. Kg2 Qxd4 44. Qe7 a2 45. Qe8# 1-0

[Event "32nd ECC Open 2016"]
[Site "Novi Sad SRB"]
[Date "2016.11.08"]
[Round "3.14"]
[Board "4"]
[White "Radovanovic, Mihajlo"]
[Black "Georgescu, Tiberiu-Marian"]
[Result "1/2-1/2"]
[WhiteTitle "IM"]
[BlackTitle "GM"]
[WhiteElo "2370"]
[BlackElo "2460"]
[WhiteTeam "Jelica PEP - Goracici"]
[BlackTeam "CSM Baia Mare"]
[WhiteFideId "940313"]
[BlackFideId "1213300"]
[EventDate "2016.11.06"]

1. Nf3 d5 2. g3 Nf6 3. Bg2 g6 4. c4 c6 5. b3 Bg7 6. Bb2 O-O 7. O-O a5 8. d3 Na6
9. Nbd2 a4 10. h3 Qb6 11. cxd5 cxd5 12. Bd4 Qa5 13. bxa4 Nb4 14. Nb3 Qxa4 15.
Qd2 Nc6 16. Bc3 b6 17. Qb2 Qa3 18. Rfc1 Qxb2 19. Bxb2 Bd7 20. Ne5 Nxe5 21. Bxe5
Ra7 22. g4 e6 23. Rc2 Rfa8 24. e4 Bb5 25. Rac1 dxe4 26. dxe4 Rxa2 27. Bxf6 Bxf6
28. e5 Bxe5 29. Bxa8 Rxa8 30. Rc8+ Rxc8 1/2-1/2

[Event "32nd ECC Open 2016"]
[Site "Novi Sad SRB"]
[Date "2016.11.08"]
[Round "3.14"]
[Board "5"]
[White "Dolana, Andrei-Theodor"]
[Black "Radovic, Janko"]
[Result "1-0"]
[WhiteTitle "FM"]
[WhiteElo "2297"]
[BlackElo "2285"]
[WhiteTeam "CSM Baia Mare"]
[BlackTeam "Jelica PEP - Goracici"]
[WhiteFideId "1219804"]
[BlackFideId "911518"]
[EventDate "2016.11.06"]

1. e4 c5 2. Nf3 Nc6 3. Bb5 g6 4. Bxc6 dxc6 5. d3 Bg7 6. Nc3 Nf6 7. h3 Nd7 8. Be3
e5 9. Qd2 Qe7 10. Bh6 Bxh6 11. Qxh6 f6 12. Nd2 Nf8 13. Ne2 Be6 14. f4 exf4 15.
Qxf4 Nd7 16. O-O O-O-O 17. Rae1 h5 18. Qf2 h4 19. Nc3 Qg7 20. Nd1 g5 21. Ne3 g4
22. Nxg4 Bxg4 23. hxg4 Qxg4 24. Nc4 Rdg8 25. Ne3 Qe6 26. Nf5 Rg4 27. b3 Rhg8 28.
Nxh4 Qe7 29. Re3 Qh7 30. Rh3 Rxg2+ 31. Qxg2 Rxg2+ 32. Kxg2 Qh6 33. Nf5 Qd2+ 34.
Rf2 Qd1 35. Ne3 Qc1 36. a4 Kd8 37. Rg3 a5 38. Nc4 b6 39. Nd6 Kc7 40. Nc4 Kc8 41.
Rh3 Qg5+ 42. Rg3 Qc1 43. e5 fxe5 44. Rg8+ Kc7 45. Rg7 e4 46. Ne5 Kd6 47. Nxd7 e3
48. Re2 Qb2 49. Rf7 Qh8 50. Rf3 Kxd7 51. Rfxe3 Qh5 52. Re4 Qg5+ 53. Kf2 Kd6 54.
R2e3 Qh5 55. Ke1 Qh1+ 56. Kd2 Qg2+ 57. Kc1 Qf1+ 58. Kb2 Qf6+ 59. Ka2 Qc3 60. Re2
b5 61. Rg2 c4 62. dxc4 bxa4 63. c5+ Qxc5 64. Rxa4 Qf5 65. Rc4 Kc7 66. Rd2 Qe6
67. Rd3 Kb7 68. Rdc3 Qg8 69. Kb2 Kb6 70. Rxc6+ Kb5 71. R3c5+ Kb4 72. c3# 1-0

[Event "32nd ECC Open 2016"]
[Site "Novi Sad SRB"]
[Date "2016.11.08"]
[Round "3.14"]
[Board "6"]
[White "Radovic, Luka"]
[Black "Szabo, Attila1"]
[Result "1/2-1/2"]
[BlackTitle "FM"]
[WhiteElo "2260"]
[BlackElo "2312"]
[WhiteTeam "Jelica PEP - Goracici"]
[BlackTeam "CSM Baia Mare"]
[WhiteFideId "911569"]
[BlackFideId "1206532"]
[EventDate "2016.11.06"]

1. Nf3 c5 2. g3 Nc6 3. c4 g6 4. Bg2 Bg7 5. O-O e5 6. Nc3 Nge7 7. Ne1 O-O 8. Nc2
d6 9. Ne3 Be6 10. Ned5 Qd7 11. d3 Bh3 12. Bh6 Bxg2 13. Kxg2 Nxd5 14. Nxd5 Ne7
15. Bxg7 Kxg7 16. e4 Nxd5 17. cxd5 f5 18. f4 exf4 19. gxf4 Rae8 20. Qf3 g5 21.
Qh3 Qb5 22. fxg5 Qxb2+ 23. Kh1 fxe4 24. Rab1 Rxf1+ 25. Rxf1 Qe5 26. Qh6+ Kg8 27.
g6 Qg7 28. gxh7+ Kh8 29. Qh5 Re5 30. Qh4 exd3 31. Rg1 d2 32. Qd8+ Kxh7 33. Rxg7+
Kxg7 34. Qd7+ Kf6 35. Qxd6+ Kf5 36. Qf8+ Ke4 37. Qf1 Kd4 38. Qf4+ Kd3 39. Qxe5
d1=Q+ 40. Kg2 Qd2+ 1/2-1/2

[Event "32nd ECC Open 2016"]
[Site "Novi Sad SRB"]
[Date "2016.11.08"]
[Round "3.15"]
[Board "1"]
[White "Lupulescu, Constantin"]
[Black "Murray, David"]
[Result "1-0"]
[WhiteTitle "GM"]
[WhiteElo "2609"]
[BlackElo "2139"]
[WhiteTeam "AEM Luxten Timisoara"]
[BlackTeam "Gonzaga"]
[WhiteFideId "1207822"]
[BlackFideId "2501511"]
[EventDate "2016.11.06"]

1. Nf3 c5 2. c4 Nc6 3. d4 cxd4 4. Nxd4 e6 5. Nc3 Nf6 6. a3 Qc7 7. Ndb5 Qb8 8. e4
a6 9. Nd4 Bc5 10. Be3 Qa7 11. Nc2 O-O 12. Bd3 Ne5 13. Be2 b5 14. cxb5 axb5 15.
Nxb5 Qb6 16. Bxc5 Qxc5 17. Nd6 Ba6 18. b4 Qc3+ 19. Qd2 Nd3+ 20. Bxd3 Qxd3 21. f3
Ne8 22. Nxe8 Rfxe8 23. Qxd3 Bxd3 24. Kd2 Bb5 25. Nd4 Ba4 26. Rhc1 Kf8 27. Ne2
Ke7 28. Nc3 Reb8 29. Nxa4 Rxa4 30. Kc3 d5 31. exd5 exd5 32. Kb3 Ra7 33. Rc5 Rd7
34. Rd1 d4 35. Rd3 Ke6 36. a4 Rd5 37. Kc4 Rd7 38. a5 1-0

[Event "32nd ECC Open 2016"]
[Site "Novi Sad SRB"]
[Date "2016.11.08"]
[Round "3.15"]
[Board "2"]
[White "Delaney, Killian"]
[Black "Parligras, Mircea-Emilian"]
[Result "0-1"]
[BlackTitle "GM"]
[WhiteElo "2227"]
[BlackElo "2599"]
[WhiteTeam "Gonzaga"]
[BlackTeam "AEM Luxten Timisoara"]
[WhiteFideId "2501570"]
[BlackFideId "1204297"]
[EventDate "2016.11.06"]

1. e4 c6 2. d4 d5 3. e5 Bf5 4. h4 h6 5. g4 Bd7 6. Nc3 Qc8 7. Bh3 e6 8. Be3 c5 9.
Nge2 Nc6 10. f4 cxd4 11. Nxd4 Bb4 12. Qd3 Na5 13. O-O Nc4 14. Bc1 Ne7 15. a3 Bc5
16. b3 Nc6 17. Ne2 Nxd4 18. Nxd4 Nb6 19. Be3 h5 20. g5 g6 21. Rfc1 O-O 22. Kh2
Kh7 23. a4 a5 24. Bf1 Qc7 25. Qd2 Rfc8 26. Bd3 Qd8 27. Qe2 Kg7 28. Qf2 Qf8 29.
Rg1 Rc7 30. Raf1 Nc8 31. Rg3 b6 32. f5 exf5 33. Bxf5 Bxf5 34. Nxf5+ gxf5 35.
Qxf5 Ne7 36. Qf6+ Kg8 37. e6 Ng6 38. Bxc5 bxc5 39. Kg1 Re8 40. exf7+ Qxf7 41.
Qd6 Rd7 42. Qxc5 Qe6 43. Qxa5 Rf7 44. Rf6 Qe4 45. Rxf7 Kxf7 46. Qc3 Nxh4 47. g6+
Nxg6 48. Rf3+ Kg8 0-1

[Event "32nd ECC Open 2016"]
[Site "Novi Sad SRB"]
[Date "2016.11.08"]
[Round "3.15"]
[Board "3"]
[White "Nevednichy, Vladislav"]
[Black "Li, Henry"]
[Result "1-0"]
[WhiteTitle "GM"]
[WhiteElo "2541"]
[BlackElo "2113"]
[WhiteTeam "AEM Luxten Timisoara"]
[BlackTeam "Gonzaga"]
[WhiteFideId "1205730"]
[BlackFideId "2508524"]
[EventDate "2016.11.06"]

1. Nf3 Nf6 2. g3 g6 3. Bg2 Bg7 4. O-O O-O 5. d4 d6 6. a4 a5 7. Nc3 Nc6 8. d5 Nb4
9. Nd4 Bd7 10. e4 Qc8 11. Nce2 c6 12. c3 Na6 13. Re1 Nc7 14. Nc2 c5 15. Na3 b5
16. axb5 Nxb5 17. Nc4 Qc7 18. Nf4 Ng4 19. Nd3 e5 20. h3 Nh6 21. f4 f6 22. Be3
Nf7 23. Qd2 Rfe8 24. fxe5 Nxe5 25. Ndxe5 fxe5 26. b3 Ra6 27. Ra2 Rea8 28. Rea1
Bf6 29. h4 Bg4 30. Bh6 Bg7 31. Bg5 h5 32. Ne3 Bd7 33. Bf1 R6a7 34. Be2 Qc8 35.
Nc4 Qc7 36. Kg2 Kh7 37. Qd3 Kg8 38. Ne3 Qc8 39. g4 hxg4 40. Kg3 Qb7 41. Nxg4 Nc7
42. Bd1 Qb6 43. Qe3 Qb5 44. Rf2 Ne8 45. h5 gxh5 46. Nh6+ Bxh6 47. Bxh6 Bg4 48.
Bxg4 hxg4 49. Rf8+ Kh7 50. Rh1 1-0

[Event "32nd ECC Open 2016"]
[Site "Novi Sad SRB"]
[Date "2016.11.08"]
[Round "3.15"]
[Board "4"]
[White "Jackson, Carl"]
[Black "Berescu, Alin-Mile"]
[Result "0-1"]
[BlackTitle "GM"]
[WhiteElo "2108"]
[BlackElo "2452"]
[WhiteTeam "Gonzaga"]
[BlackTeam "AEM Luxten Timisoara"]
[WhiteFideId "2502585"]
[BlackFideId "1204920"]
[EventDate "2016.11.06"]

1. d4 Nf6 2. g4 Nxg4 3. e4 d5 4. Be2 Nf6 5. e5 Nfd7 6. e6 Nf6 7. exf7+ Kxf7 8.
Nf3 Nc6 9. Nc3 Bf5 10. Ne5+ Nxe5 11. dxe5 Ne4 12. Bh5+ g6 13. Qf3 e6 14. Bg4 Bb4
15. Bxf5 exf5 16. a3 Bxc3+ 17. bxc3 Re8 18. Bf4 Qh4 19. O-O-O Qxf2 20. Rhf1 Qxf3
21. Rxf3 g5 22. Bg3 Ke6 23. h4 g4 24. Re3 Nxg3 25. Rxg3 Kxe5 26. Rg2 h5 27. Re2+
Kf6 28. Rf2 Re5 29. c4 Rd8 30. c3 Rd6 31. cxd5 Rdxd5 32. Rdf1 Re3 33. Kc2 b5 0-1

[Event "32nd ECC Open 2016"]
[Site "Novi Sad SRB"]
[Date "2016.11.08"]
[Round "3.15"]
[Board "5"]
[White "Grunberg, Mihai-Lucian"]
[Black "McMorrow, John"]
[Result "1-0"]
[WhiteTitle "IM"]
[WhiteElo "2397"]
[BlackElo "1971"]
[WhiteTeam "AEM Luxten Timisoara"]
[BlackTeam "Gonzaga"]
[WhiteFideId "1204149"]
[BlackFideId "2501481"]
[EventDate "2016.11.06"]

1. Nf3 d5 2. g3 Nf6 3. Bg2 c6 4. O-O Bg4 5. c4 e6 6. d3 Be7 7. Qb3 Qc8 8. Nc3
Nbd7 9. cxd5 exd5 10. Qc2 O-O 11. e4 Nb6 12. Re1 dxe4 13. dxe4 Rd8 14. a4 a5 15.
Ng5 Bb4 16. Qb3 Qc7 17. h3 Bh5 18. Bf4 Qe7 19. Nf3 Nfd7 20. Bg5 Qe8 21. Bxd8 Nc5
22. Qc2 Rxd8 23. Rad1 Bxc3 24. Qxc3 Nbxa4 25. Qxa5 b6 26. Qb4 b5 27. g4 Bg6 28.
b3 Rxd1 29. Rxd1 Nb2 30. Qxc5 Nxd1 31. Qd4 Nxf2 32. Kxf2 Bxe4 33. Qe3 f6 34. Nd4
Bg6 35. Qxe8+ Bxe8 36. Bxc6 1-0

[Event "32nd ECC Open 2016"]
[Site "Novi Sad SRB"]
[Date "2016.11.08"]
[Round "3.15"]
[Board "6"]
[White "Byrne, Ray"]
[Black "Toma, Radu-Cristian"]
[Result "0-1"]
[WhiteElo "1962"]
[BlackElo "2368"]
[WhiteTeam "Gonzaga"]
[BlackTeam "AEM Luxten Timisoara"]
[WhiteFideId "2500922"]
[BlackFideId "1217992"]
[EventDate "2016.11.06"]

1. d4 d5 2. c4 dxc4 3. Nf3 Nf6 4. e3 e6 5. Bxc4 a6 6. O-O Nbd7 7. Qe2 b5 8. Bb3
c5 9. e4 Bb7 10. e5 Nd5 11. Nc3 c4 12. Bc2 Be7 13. Ne4 h6 14. Bd2 Rc8 15. Rfe1
b4 16. Rad1 Bc6 17. Nd6+ Bxd6 18. exd6 c3 19. bxc3 bxc3 20. Bc1 Nb4 21. Bb3 O-O
22. Ne5 Bd5 23. Qg4 Nf6 24. Qg3 Bxb3 25. axb3 c2 26. Rd2 Qxd6 27. Ba3 Ne4 28.
Qe3 Nxd2 29. Qxd2 c1=Q 30. Rxc1 Rxc1+ 31. Bxc1 Nc6 32. Nf3 Rd8 0-1